Chemical analysis : (Record no. 12591)

MARC details
000 -LEADER
fixed length control field 00941cam a22002531i 4500
001 - CONTROL NUMBER
control field 2165903
003 - CONTROL NUMBER IDENTIFIER
control field EG-ScBUE
005 - DATE AND TIME OF LATEST TRANSACTION
control field 20250812094534.0
008 - FIXED-LENGTH DATA ELEMENTS--GENERAL INFORMATION
fixed length control field 720107s1960 nyua f 001 0 eng
040 ## - CATALOGING SOURCE
Original cataloging agency EG-ScBUE
Language of cataloging eng
Description conventions rda
Transcribing agency EG-ScBUE
Modifying agency EG-ScBUE
082 04 - DEWEY DECIMAL CLASSIFICATION NUMBER
Classification number 545
Edition number 22
Item number LAI
100 1# - MAIN ENTRY--PERSONAL NAME
Personal name Laitinen, Herbert A.
Fuller form of name (Herbert August),
Dates associated with a name 1915-
9 (RLIN) 8461
Relator term author.
245 10 - TITLE STATEMENT
Title Chemical analysis :
Remainder of title an advanced text and reference /
Statement of responsibility, etc Herbert A. Laitinen, professor of analytical chemistry, University of Illinois.
264 #1 - PUBLICATION, DISTRIBUTION, ETC. (IMPRINT)
Place of publication, distribution, etc New York :
Date of publication, distribution, etc McGraw-Hill Book Company, Inc.,
Name of publisher, distributor, etc 1960.
300 ## - PHYSICAL DESCRIPTION
Extent xiv, 611 pages :
Other physical details illustrations ;
Dimensions 24 cm.
336 ## - CONTENT TYPE
Source rdacontent
Content type term text
Content type code txt
337 ## - MEDIA TYPE
Media type term unmediated
Source rdamedia
Media type code n
338 ## - CARRIER TYPE
Carrier type term volume
Carrier type code nc
Source rdacarrier
490 0# - SERIES STATEMENT
Series statement McGraw-Hill series in advanced chemistry
500 ## - GENERAL NOTE
General note Includes index.<br/>
650 #7 - SUBJECT ADDED ENTRY--TOPICAL TERM
Topical term or geographic name as entry element Chemistry, Analytic
General subdivision Quantitative.
9 (RLIN) 8462
Source of heading or term BUEsh
655 ## - INDEX TERM--GENRE/FORM
Form subdivision Reading book
942 ## - ADDED ENTRY ELEMENTS (KOHA)
Source of classification or shelving scheme Dewey Decimal Classification
Koha item type Book - Borrowing
Holdings
Withdrawn status Lost status Source of classification or shelving scheme Damaged status Not for loan Collection code Home library Current library Shelving location Date acquired Source of acquisition Cost, normal purchase price Total Checkouts Full call number Barcode Date last seen Date checked out Koha item type
    Dewey Decimal Classification     Alef-Baa Central Library Central Library First floor 16/08/2009 Purchase 150.00 1 545 LAI 000017884 15/07/2025 28/02/2017 Book - Borrowing